| Tag |
First Indicator |
Second Indicator |
Subfields |
| LEADER |
00000cam a2200000 i 4500 |
| 001 |
in00003602467 |
| 005 |
20211120173433.0 |
| 006 |
m o d f |
| 007 |
cr bn||||||||| |
| 008 |
140709s1937 dcu ob f000 0 eng c |
| 035 |
|
|
|a (OCoLC)ocn883253256
|
| 040 |
|
|
|a COP
|b eng
|e rda
|e pn
|c COP
|d OCLCO
|d OCLCF
|d TRAAL
|d GPO
|d MvI
|d UtOrBLW
|
| 042 |
|
|
|a pcc
|
| 043 |
|
|
|a n-us-ar
|
| 049 |
|
|
|a WWW
|
| 074 |
|
|
|a 0620 (online)
|
| 086 |
0 |
|
|a I 19.3:847-E
|
| 100 |
1 |
|
|a Hendricks, Thomas Andrews,
|d 1907-1985,
|e author.
|0 http://id.loc.gov/authorities/names/n50027210
|
| 245 |
1 |
0 |
|a Geology and mineral resources of the western part of the Arkansas coal field /
|c by T.A. Hendricks and Bryan Parks.
|
| 264 |
|
1 |
|a [Washington, D.C.] :
|b United States Department of the Interior, Geological Survey,
|c 1937.
|
| 264 |
|
2 |
|a Washington :
|b United States Government Printing Office
|
| 300 |
|
|
|a 1 online resource (iv, 189-224 pages).
|
| 336 |
|
|
|a text
|b txt
|2 rdacontent
|
| 337 |
|
|
|a computer
|b c
|2 rdamedia
|
| 338 |
|
|
|a online resource
|b cr
|2 rdacarrier
|
| 490 |
1 |
|
|a Bulletin / United States Department of the Interior, Geological Survey ;
|v 847-E
|
| 490 |
1 |
|
|a Contributions to economic geology ;
|v 1934-36
|
| 500 |
|
|
|a Title from title screen (viewed July 8, 2014).
|
| 504 |
|
|
|a Includes bibliographical reference.
|
| 650 |
|
0 |
|a Geology
|z Arkansas.
|0 http://id.loc.gov/authorities/subjects/sh85054058
|
| 650 |
|
0 |
|a Coal
|z Arkansas.
|
| 650 |
|
0 |
|a Coalfields
|z Arkansas.
|
| 650 |
|
0 |
|a Mines and mineral resources
|z Arkansas.
|0 http://id.loc.gov/authorities/subjects/sh87005033
|
| 650 |
|
7 |
|a Geology.
|2 fast
|0 (OCoLC)fst00940627
|
| 650 |
|
7 |
|a Mines and mineral resources.
|2 fast
|0 (OCoLC)fst01022541
|
| 651 |
|
7 |
|a Arkansas.
|2 fast
|0 (OCoLC)fst01204809
|
| 710 |
2 |
|
|a Geological Survey (U.S.),
|e issuing body.
|0 http://id.loc.gov/authorities/names/n80092173
|
| 730 |
0 |
|
|a Technical report archive and image library.
|0 http://id.loc.gov/authorities/names/no2008179973
|
| 776 |
0 |
8 |
|i Print version:
|a Hendricks, Thomas Andrews, 1907-1985.
|t Geology and mineral resources of the western part of the Arkansas coal field
|w (OCoLC)8359690
|
| 830 |
|
0 |
|a Bulletin (Geological Survey (U.S.)) ;
|v no. 847-E.
|0 http://id.loc.gov/authorities/names/no2010146370
|
| 830 |
|
0 |
|a Contributions to economic geology ;
|v 1934-36.
|0 http://id.loc.gov/authorities/names/n42008278
|
| 856 |
4 |
0 |
|u https://purl.fdlp.gov/GPO/gpo62196
|t 0
|
| 999 |
f |
f |
|s 436ab6b1-053b-3e90-b6df-9244c1b1ba02
|i 6f4b51c5-0176-3e61-adca-a5ba945be709
|t 0
|
| 952 |
f |
f |
|a Texas A&M University
|b College Station
|c Electronic Resources
|d Available Online
|t 0
|e I 19.3:847-E
|h Superintendent of Documents classification
|
| 998 |
f |
f |
|a I 19.3:847-E
|t 0
|l Available Online
|